01316nam a22002417a 45000010005000000030006000050050017000110080041000280200018000690400029000870500015001160820008001311000015001392450032001542600038001863000043002245050008002675200715002755210020009905210020010106500024010306500020010545298FISKH20241125102634.0241125b cb ||||| |||| 00| 0 eng d a9780593048054 aFISKHbengcFISKHdFISKH aPR6055.L79 a813 aElton, Ben aDead Famous /cby Ben Elton aLondon :bBantam Press : c2001 . a339 pages : billustrations ;c20 cm . aZ  aOne house. Ten contestants. Thirty cameras. Forty microphones. Yet again the public gorges its voyeuristic appetite as another group of unknown and unremarkable people submit themselves to the brutal exposure of the televised real-life soap opera, House Arrest. Everybody knows the rules: total strangers are forced to live together while the rest of the country watches them do it. Who will crack first? Who will have sex and with whom? Who will the public love and who will they hate? All the usual questions. And then, suddenly, there are some new ones. Who is the murderer? How did he or she manage to kill under the constant gaze of the thirty television cameras? Why did they do it? And who will be next?8 a900 bLexile 8 aZ bRaz-Plus  areality tvvFiction asatirevFiction